| 000 | 00614nam a2200253Ia 4500 | ||
|---|---|---|---|
| 005 | 20250425161457.0 | ||
| 008 | 250425s9999 xx 000 0 und d | ||
| 020 | _a9681803795 | ||
| 041 | _aspa | ||
| 082 | _a576.028 | ||
| 100 | _aWISTREICH, GEORGE A. | ||
| 245 | 0 | _aPRÁCTICAS DE LABORATORIO EN MICROBIOLOGÍA | |
| 250 | _a2A ED. | ||
| 260 | _aMEXICO | ||
| 260 |
_aMéxico _bLIMUSA _c1983 |
||
| 300 | _a252 | ||
| 650 | _aBACTERIAS | ||
| 650 | _aENSAYOS DE LABORATORIO | ||
| 650 | _aMICROBIOLOGIA | ||
| 650 | _aMICROORGANISMOS | ||
| 700 | _aLECHTMAN, MAX D. | ||
| 942 | _c01 | ||
| 010 | _a21227 | ||
| 999 |
_c210071 _d210071 |
||